• 首页
  • 本馆介绍
  • 公告通知
  • 最新文献
  • 馆藏检索
  • 电子资源
  • 读者导购
  • 参考咨询
  • 我的图书馆
  • 登录
  • 详细信息显示
  • 放入我的书架
  • 预约/预借图书
  • 作者相关作品
  • 分类相关作品
  • 丛书相关作品
  • 出版社相关作品

书目信息

  • 表格格式
  • 工作单格式
  • 卡片格式
题名:
景观红皮书
    
 
作者: 江锋 主编
分册: Ⅲ   城市设计、公共场馆、办公商业、旅游度假
出版信息: 天津   天津大学出版社  2014.01
页数: 287页
开本: 31cm
丛书名:
单 册:
中图分类: TU983-64
科图分类:
主题词: 景观设计--图集 , 景观设计
电子资源:
ISBN: 978-7-5618-4919-4
000 00858nam0 2200253 450
001 0120141282039
005 20140609085927.48
010    @a978-7-5618-4919-4@dCNY227.00,CNY908.00(全4册)
100    @a20140423d2014 em y0chiy50 ea
101 0  @achi
102    @aCN@b120000
105    @aa z 000yy
106    @ar
200 1  @a景观红皮书@9jing guan hong pi shu@hⅢ@h1@i城市设计、公共场馆、办公商业、旅游度假@f江锋主编
210    @a天津@c天津大学出版社@d2014.01
215    @a287页@c图@d31cm
330    @a本书共分为城市设计、公共场馆、办公商业、旅游度假四部分,主要内容包括:美国克利夫兰多模式运输中心、中国天津中新生态城等。
333    @a景观设计相关人员
606 0  @a景观设计@j图集
606 0  @a景观设计
690    @aTU983-64@v5
701  0 @a江锋@9jiang feng@4主编
801  0 @aCN@b人天书店@c20140423
905    @b548541-42@dTU983-64@e650:3(2)@f2
    
    景观红皮书.Ⅲ.1.城市设计、公共场馆、办公商业、旅游度假/江锋主编.-天津:天津大学出版社,2014.01
    287页:图;31cm
    使用对象:景观设计相关人员
    
    ISBN 978-7-5618-4919-4:CNY227.00,CNY908.00(全4册)
    本书共分为城市设计、公共场馆、办公商业、旅游度假四部分,主要内容包括:美国克利夫兰多模式运输中心、中国天津中新生态城等。
●
相关链接 在E读中查询图书 在五车中查询图书 在当当中查询图书 在豆瓣中查询图书


正题名:景观红皮书     索取号:TU983-64/650:3(2)         预约/预借

序号 登录号 条形码 馆藏地/架位号 状态 备注
1 548541   205485410   第二样本阅览室/ [索取号:TU983-64/650:3(2)] 在馆    
2 548542   205485429   第三借阅区/ [索取号:TU983-64/650:3(2)] 在馆    
唐山师范学院图书馆 欢迎您!
大连网信软件有限公司© 版权所有